The 101 Best Action Movies Ever Made - Statistics

General Stats
  • This quiz has been taken 269 times
  • The average score is 14 of 101
Answer Stats
Year Title % Correct
1984 The Terminator 13
70%
1988 Die Hard 10
67%
2008 Rambo 57
54%
1991 Terminator 2: Judgment Day 8
53%
1996 The Rock 78
53%
1987 Predator 15
49%
1977 Star Wars 65
47%
1986 Aliens 1
45%
1981 Raiders of the Lost Ark 9
45%
2012 The Avengers 89
43%
1999 The Matrix 20
41%
1999 The Mission 86
41%
2008 The Dark Knight 72
39%
1987 Lethal Weapon 26
38%
2011 The Raid 29
38%
1984 Indiana Jones and the Temple of Doom 81
37%
2014 John Wick 52
35%
1982 First Blood 18
33%
1985 Commando 34
31%
2003-04 Kill Bill 11
28%
2015 Mad Max: Fury Road 32
27%
1971 Dirty Harry 74
22%
1995 Heat 23
21%
1954 Seven Samurai 2
20%
1995 The Blade 48
20%
2002 The Bourne Identity 50
20%
1966 The Good, the Bad and the Ugly 60
20%
1994 True Lies 47
20%
2000 Gladiator 92
19%
1997 Face/Off 12
17%
1987 RoboCop 19
17%
1973 Enter the Dragon 5
16%
1971 The French Connection 31
16%
1992 Hard Boiled 7
13%
1991 Point Break 40
13%
1983 Scarface 85
13%
2007 The Bourne Ultimatum 16
13%
1959 Ben-Hur 46
11%
1968 Bullitt 28
11%
2000 Crouching Tiger, Hidden Dragon 35
11%
1969 The Wild Bunch 3
11%
1994 Leon: The Professional 49
9%
2007 War 93
9%
1989 The Killer 27
8%
1985 Police Story 4
7%
1980 Raging Bull 73
7%
1967 The Dirty Dozen 70
7%
1960 The Magnificent Seven 84
7%
2002 Hero 76
6%
1959 North by Northwest 69
6%
1998 Ronin 80
6%
1986 A Better Tomorrow 39
5%
2008 Ip Man 44
5%
2003 Oldboy 37
5%
1968 Once Upon a Time in the West 21
5%
1960 Spartacus 58
5%
2006 300 54
4%
1963 From Russia With Love 63
4%
1977 Sorcerer 101
4%
1957 The Bridge on the River Kwai 75
4%
1926 The General 30
4%
1981 The Road Warrior 6
4%
1965 Thunderball 79
4%
2018 Mission: Impossible - Fallout 42
3%
1988 Police Story 2 71
2%
1993 The Legend 88
2%
2010 13 Assassins 98
1%
1990 Bullet in the Head 99
1%
1994 Drunken Master II 24
1%
2004 Kung Fu Hustle 41
1%
2010 Machete 87
1%
1983 Project A 25
1%
1985 Rambo: First Blood Part II 38
1%
1984 Romancing the Stone 95
1%
1985 Runaway Train 68
1%
1992 Supercop 77
1%
1978 The 36th Chamber of Shaolin 22
1%
1938 The Adventures of Robin Hood 33
1%
1996 The Long Kiss Goodnight 90
1%
1966 The Professionals 43
1%
1953 The Wages of Fear 51
1%
1971 Vanishing Point 62
1%
1986 Armour of God 91
0%
1997 Breakdown 82
0%
1988 Dragons Forever 36
0%
1983 Duel to the Death 100
0%
1987 Eastern Condors 56
0%
2007 Flash Point 53
0%
1992 Full Contact 83
0%
2005 Kill Zone - S.P.L. 45
0%
1972 Lone Wolf and Cub 2: Baby Cart at the River Styx 94
0%
2006 Miami Vice 97
0%
1992 Once Upon a Time in China II 17
0%
2003 Ong-Bak: The Thai Warrior 14
0%
1989 Pedicab Driver 66
0%
1999 Shiri 96
0%
1896 The Arrival of a Train at La Ciotat 61
0%
2003 The Blind Swordsman: Zatoichi 67
0%
1981 The Prodigal Son 55
0%
2005 Unleashed 64
0%
1984 Wheels on Meals 59
0%
No matching quizzes found
Score Distribution
Percent of People with Each Score
Percentile by Number Answered
Your Score History
You have not taken this quiz